LIBRARY ONLINE CATALOGUE

Statistical methods. (Record no. 11969)

MARC details
000 -LEADER
fixed length control field 00574cam a22002052 4500
001 - CONTROL NUMBER
control field 0000006066
005 - DATE AND TIME OF LATEST TRANSACTION
control field 20151217155213.0
008 - FIXED-LENGTH DATA ELEMENTS--GENERAL INFORMATION
fixed length control field 070913s xx 000 0 eng d
020 ## - INTERNATIONAL STANDARD BOOK NUMBER
International Standard Book Number 818054298X :
Terms of availability KES 2,800
040 ## - CATALOGING SOURCE
Original cataloging agency KABU
Transcribing agency KABU
100 1# - MAIN ENTRY--PERSONAL NAME
Personal name Gupta, S. P.
-- 0000151287
245 10 - TITLE STATEMENT
Title Statistical methods.
250 ## - EDITION STATEMENT
Edition statement 34th ed.
260 ## - PUBLICATION, DISTRIBUTION, ETC. (IMPRINT)
Place of publication, distribution, etc. New Delhi :
Name of publisher, distributor, etc. S. Chand,
Date of publication, distribution, etc. 2005.
300 ## - PHYSICAL DESCRIPTION
Extent xx, 1468 p.
650 #0 - SUBJECT ADDED ENTRY--TOPICAL TERM
Topical term or geographic name as entry element Social sciences
General subdivision Statistical methods.
-- 0000148274
908 ## - PUT COMMAND PARAMETER (RLIN)
Put command parameter 070913
950 ## - LOCAL HOLDINGS (RLIN)
-- 1
Holdings
Withdrawn status Lost status Source of classification or shelving scheme Not for loan Home library Current library Date acquired Total Checkouts Total Renewals Full call number Barcode Date last seen Date last checked out Price effective from Koha item type
    Library of Congress Classification   Kabarak, Main Campus Kabarak, Main Campus 17/12/2015 15 1 HA29 .G87 2005 004920 02/08/2024 26/01/2024 17/12/2015 General Collection